ბათუმის შოთა რუსთაველის სახელმწიფო უნივერსიტეტის ბიბლიოთეკა

Справочные таблицы элементов круга. (ბიბ.ჩანაწერი № 40636)

000 -LEADER
fixed length control field 00616nam a2200217Ia 4500
001 - CONTROL NUMBER
control field 7264
003 - CONTROL NUMBER IDENTIFIER
control field GE_BSU
008 - FIXED-LENGTH DATA ELEMENTS--GENERAL INFORMATION
fixed length control field 181216s||||||||xx |||||||||||||| ||und||
040 ## - CATALOGING SOURCE
Transcribing agency GE_BSU
080 ## - UNIVERSAL DECIMAL CLASSIFICATION NUMBER
Universal Decimal Classification number 621.75(035.5)
100 ## - MAIN ENTRY--PERSONAL NAME
Personal name Васильев,А.С.
245 ## - TITLE STATEMENT
Title Справочные таблицы элементов круга.
245 ## - TITLE STATEMENT
Statement of responsibility, etc. Ред. В.М.Сергеев.
260 ## - PUBLICATION, DISTRIBUTION, ETC.
Place of publication, distribution, etc. М.
260 ## - PUBLICATION, DISTRIBUTION, ETC.
Name of publisher, distributor, etc. Металлургиздат.
260 ## - PUBLICATION, DISTRIBUTION, ETC.
Date of publication, distribution, etc. 1961.
300 ## - PHYSICAL DESCRIPTION
Extent 339стр.22см.
300 ## - PHYSICAL DESCRIPTION
Accompanying material табл.
653 ## - INDEX TERM--UNCONTROLLED
Uncontrolled term Справочные таблицы элементов круга.
942 ## - ADDED ENTRY ELEMENTS (KOHA)
Koha item type წიგნი
ეგზემპლარები
Withdrawn status Lost status Damaged status Not for loan Date acquired Barcode Date last seen Price effective from Koha item type
        2018-12-17 10372 2018-12-17 2018-12-17 წიგნი